Modern Biology/ (Record no. 8823)

MARC details
000 -LEADER
fixed length control field 00554nam a22001817a 4500
003 - CONTROL NUMBER IDENTIFIER
control field OSt
005 - DATE AND TIME OF LATEST TRANSACTION
control field 20240625130913.0
008 - FIXED-LENGTH DATA ELEMENTS--GENERAL INFORMATION
fixed length control field 240625b |||||||| |||| 00| 0 eng d
020 ## - INTERNATIONAL STANDARD BOOK NUMBER
International Standard Book Number 157940416
040 ## - CATALOGING SOURCE
Original cataloging agency DDC
Transcribing agency MUST
100 ## - MAIN ENTRY--PERSONAL NAME
Personal name Truman J. Moon ... ( et al )
9 (RLIN) 17830
245 ## - TITLE STATEMENT
Title Modern Biology/
Statement of responsibility, etc. Truman J. Moon.
260 ## - PUBLICATION, DISTRIBUTION, ETC. (IMPRINT)
Place of publication, distribution, etc. New York:
Name of publisher, distributor, etc. Henry Holt and Company,
Date of publication, distribution, etc. 1956.
300 ## - PHYSICAL DESCRIPTION
Extent ix,757p.:
Other physical details ill, (some col),
Dimensions 23.5cm.
504 ## - BIBLIOGRAPHY, ETC. NOTE
Bibliography, etc Includes Bibliographical Appendixes, Glossary and Indexes.
650 ## - SUBJECT ADDED ENTRY--TOPICAL TERM
Topical term or geographic name as entry element Biology
9 (RLIN) 5602
942 ## - ADDED ENTRY ELEMENTS (KOHA)
Source of classification or shelving scheme Dewey Decimal Classification
Koha item type Open Shelf
Holdings
Withdrawn status Lost status Source of classification or shelving scheme Damaged status Not for loan Home library Current library Source of acquisition Inventory number Total Checkouts Full call number Barcode Date last seen Koha item type
    Dewey Decimal Classification     MUST Main Library MUST Main Library Purchase 2000/14092   574 MOO 1956 2024-21287 25/06/2024 Open Shelf